| 000 | 00589nam a2200205Ia 4500 | ||
|---|---|---|---|
| 003 | OSt | ||
| 005 | 20250630101327.0 | ||
| 008 | 210210b1990 xxu||||| |||| 00| 0 eng d | ||
| 040 | _cAL | ||
| 041 | _aKannada | ||
| 082 | _aK894.4 MADV | ||
| 100 |
_aMADHAVA NAYAK (C) _dಮಾಧವ ನಾಯಕ್ (ಸಿ) _9216521 |
||
| 245 |
_aVyakti-vichara _bವ್ಯಕ್ತಿ-ವಿಚಾರ |
||
| 260 |
_aPutturu _bVivekananda mahavidyalaya _c1990 |
||
| 300 | _avi,79 | ||
| 650 |
_aBichi Bhimasen Joshi Sheni _9216522 |
||
| 690 |
_aKannada Prose _9216523 |
||
| 906 | _a044348 | ||
| 942 |
_2ddc _cBK |
||
| 999 |
_c93716 _d93716 |
||